[Event "Oberliga NRW 1011"]
[Site "Germany"]
[Date "2011.01.30"]
[Round "6.5"]
[White "Hirsch, Stefan"]
[Black "Caessens, Rob"]
[Result "0-1"]
[WhiteElo "2225"]
[BlackElo "2248"]
[PlyCount "120"]
[EventDate "2010.09.26"]
[EventType "team-tourn"]
[EventRounds "9"]
[EventCountry "GER"]
[SourceTitle "EXT 2012"]
[Source "ChessBase"]
[SourceDate "2011.11.24"]
[SourceVersion "1"]
[SourceVersionDate "2011.11.24"]
[SourceQuality "1"]
[WhiteTeam "Wattenscheid II"]
[BlackTeam "Muelheim Nord II"]
[WhiteTeamCountry "GER"]
[BlackTeamCountry "GER"]

1. e4 e5 2. Nf3 Nc6 3. Bc4 Nf6 4. d3 Bc5 5. 0-0 d6 6. c3 a6 7. Bb3 Ba7 8. Nbd2 0-0 9. Nc4 Ne7 10. Re1 Ng6 11. h3 c6 12. Nh2 Kh8 13. Qf3 Ng8 14. g4 Be6 15. Qg3 a5 16. Bc2 Bb8 17. Nf3 Bc7 18. Ne3 Nf4 19. Ng2 Nxg2 20. Kxg2 f6 21. Nh4 g6 22. Kh1 Qd7 23. f3 Rf7 24. Bd2 Raf8 25. Re2 d5 26. a3 b5 27. Rae1 a4 28. Bc1 d4 29. Qg1 Bb6 30. Qg3 Bc7 31. Qg1 Bb6 32. Qg3 Qe7 33. Ng2 dxc3 34. bxc3 Bc5 35. f4 Bc8 36. Bb2 Bd6 37. f5 Bxa3 38. Ba1 Rg7 39. Ne3 Bd6 40. Qf2 Rd8 41. Rg1 Rf8 42. Qf3 Bd7 43. Reg2 g5 44. h4 gxh4 45. Rh2 Nh6 46. Rxh4 Nf7 47. Nf1 Ng5 48. Qe2 c5 49. Ng3 b4 50. cxb4 cxb4 51. Rh6 b3 52. Bd1 Rb8 53. Nh5 Rf7 54. Qh2 a3 55. Bxb3 Rxb3 56. Rg6 Rxd3 57. Nxf6 Rxf6 58. Rxg5 Bc6 59. Re1 Bxe4+ 60. Kg1 Qa7+ 0-1

[Event "Oberliga NRW 0910"]
[Site "Germany"]
[Date "2010.01.31"]
[Round "6.4"]
[White "Weber, Peter"]
[Black "Caessens, Rob"]
[Result "0-1"]
[WhiteElo "2231"]
[BlackElo "2232"]
[PlyCount "76"]
[EventDate "2009.09.20"]
[EventType "team-tourn"]
[EventRounds "9"]
[EventCountry "GER"]
[SourceTitle "EXT 2011"]
[Source "ChessBase"]
[SourceDate "2010.11.26"]
[SourceVersion "1"]
[SourceVersionDate "2010.11.26"]
[SourceQuality "1"]
[WhiteTeam "Monheim"]
[BlackTeam "Muelheim Nord II"]
[WhiteTeamCountry "GER"]
[BlackTeamCountry "GER"]

1. e4 e5 2. Nf3 Nc6 3. Bb5 a6 4. Ba4 Nf6 5. 0-0 Be7 6. Re1 b5 7. Bb3 d6 8. c3 0-0 9. d4 h6 10. Be3 Bd7 11. Nbd2 Re8 12. h3 Bf8 13. d5 Na5 14. Bc2 c6 15. b4 Nc4 16. Nxc4 bxc4 17. Nd2 cxd5 18. exd5 Nxd5 19. Nxc4 Be6 20. Qd3 f5 21. Ba4 Rc8 22. Bxe8 Qxe8 23. Nb6 Nxb6 24. Bxb6 Qc6 25. Be3 f4 26. Bd2 Bc4 27. Qf5 Rc7 28. Qg4 Rf7 29. a3 Rf6 30. Kh2 Be6 31. Qd1 f3 32. Re3 fxg2 33. Be1 Bd5 34. Rc1 Bf3 35. Qb3+ Kh8 36. c4 e4 37. b5 g1Q+ 38. Kxg1 Qc5 0-1

[Event "Oberliga NRW 0910"]
[Site "Germany"]
[Date "2009.12.20"]
[Round "4.3"]
[White "Caessens, Rob"]
[Black "Schneider, Bernd"]
[Result "1-0"]
[WhiteElo "2232"]
[BlackElo "2422"]
[PlyCount "105"]
[EventDate "2009.09.20"]
[EventType "team-tourn"]
[EventRounds "9"]
[EventCountry "GER"]
[SourceTitle "EXT 2011"]
[Source "ChessBase"]
[SourceDate "2010.11.26"]
[SourceVersion "1"]
[SourceVersionDate "2010.11.26"]
[SourceQuality "1"]
[WhiteTeam "Muelheim Nord II"]
[BlackTeam "Bochum"]
[WhiteTeamCountry "GER"]
[BlackTeamCountry "GER"]

1. d4 g6 2. c4 Bg7 3. Nc3 d6 4. Nf3 Nd7 5. Bg5 h6 6. Bh4 Ngf6 7. e3 0-0 8. Be2 e5 9. 0-0 Re8 10. Qc2 exd4 11. Nxd4 Nc5 12. Rfd1 a5 13. Rac1 Bd7 14. b3 c6 15. Bf3 Qe7 16. Bg3 Rad8 17. a3 Bg4 18. Bxg4 Nxg4 19. b4 axb4 20. axb4 Ne6 21. Nf3 Ng5 22. Nxg5 hxg5 23. h3 Ne5 24. Qe2 f5 25. b5 Qf7 26. Bxe5 Bxe5 27. bxc6 bxc6 28. Qf3 Qd7 29. g3 Kg7 30. Ne2 Rh8 31. Qg2 Rc8 32. Nd4 f4 33. exf4 gxf4 34. g4 Rhe8 35. Nf3 Qc7 36. Qf1 Rb8 37. Qd3 Rb2 38. Rc2 Rxc2 39. Qxc2 Qf7 40. Qd3 Qf6 41. Kg2 Re7 42. Qe4 c5 43. Qd5 Qf7 44. h4 Qf6 45. Rd3 Qf7 46. Qxf7+ Kxf7 47. Rd5 Ke6 48. Nxe5 dxe5 49. Kf3 Rh7 50. Ke4 Rxh4 51. Rxe5+ Kf6 52. g5+ Kf7 53. f3 1-0

[Event "Oberliga NRW 0910"]
[Site "Germany"]
[Date "2009.11.22"]
[Round "3.4"]
[White "Caessens, Rob"]
[Black "Simon, Hans Christian"]
[Result "1/2-1/2"]
[WhiteElo "2232"]
[BlackElo "2224"]
[PlyCount "46"]
[EventDate "2009.09.20"]
[EventType "team-tourn"]
[EventRounds "9"]
[EventCountry "GER"]
[SourceTitle "EXT 2011"]
[Source "ChessBase"]
[SourceDate "2010.11.26"]
[SourceVersion "1"]
[SourceVersionDate "2010.11.26"]
[SourceQuality "1"]
[WhiteTeam "Muelheim Nord II"]
[BlackTeam "Bielefeld"]
[WhiteTeamCountry "GER"]
[BlackTeamCountry "GER"]

1. d4 f5 2. e4 fxe4 3. Nc3 Nf6 4. Bg5 Nc6 5. d5 Ne5 6. Qd4 Nf7 7. h4 e5 8. dxe6 dxe6 9. Qxd8+ Nxd8 10. 0-0-0 Bd7 11. Bxf6 gxf6 12. Nxe4 Be7 13. Be2 Bc6 14. Bf3 Nf7 15. Ng3 Ne5 16. Bxc6+ Nxc6 17. Nf3 Bd6 18. Ne4 Ke7 19. g3 Rad8 20. c3 f5 21. Nxd6 Rxd6 22. Rxd6 cxd6 23. Kc2 a5 1/2-1/2

[Event "Oberliga NRW 0910"]
[Site "Germany"]
[Date "2009.10.25"]
[Round "2.6"]
[White "Gassmann, Volker"]
[Black "Caessens, Rob"]
[Result "1-0"]
[WhiteElo "2269"]
[BlackElo "2232"]
[PlyCount "51"]
[EventDate "2009.09.20"]
[EventType "team-tourn"]
[EventRounds "9"]
[EventCountry "GER"]
[SourceTitle "EXT 2011"]
[Source "ChessBase"]
[SourceDate "2010.11.26"]
[SourceVersion "1"]
[SourceVersionDate "2010.11.26"]
[SourceQuality "1"]
[WhiteTeam "Katernberg II"]
[BlackTeam "Muelheim Nord II"]
[WhiteTeamCountry "GER"]
[BlackTeamCountry "GER"]

1. d4 Nf6 2. c4 d6 3. Nc3 Bf5 4. f3 e5 5. d5 e4 6. e3 Bg6 7. Nge2 Nbd7 8. Nf4 Be7 9. Nxg6 hxg6 10. f4 c6 11. dxc6 bxc6 12. Be2 Qa5 13. Bd2 Qb6 14. Na4 Qb7 15. Qc2 Nb6 16. g4 Nxa4 17. Qxa4 Nd7 18. Qc2 d5 19. g5 Bc5 20. Qc3 Rb8 21. cxd5 cxd5 22. Bg4 Qxb2 23. Qxb2 Rxb2 24. Rc1 Bb6 25. Rc8+ Ke7 26. Rxh8 1-0

[Event "NED-chT 0809"]
[Site "Netherlands"]
[Date "2009.02.07"]
[Round "5.10"]
[White "De Groote, Jesper"]
[Black "Caessens, Rob"]
[Result "1/2-1/2"]
[WhiteElo "1995"]
[BlackElo "2207"]
[PlyCount "209"]
[EventDate "2008.09.27"]
[EventType "team-tourn"]
[EventRounds "9"]
[EventCountry "NED"]
[SourceTitle "EXT 2010"]
[Source "ChessBase"]
[SourceDate "2010.11.25"]
[SourceVersion "1"]
[SourceVersionDate "2010.11.25"]
[SourceQuality "1"]
[WhiteTeam "Bussum"]
[BlackTeam "Voerendaal"]
[WhiteTeamCountry "NED"]
[BlackTeamCountry "NED"]

1. e4 d6 2. d4 Nf6 3. Nc3 g6 4. f3 c6 5. Be3 Nbd7 6. Qd2 b5 7. d5 cxd5 8. Nxd5 Bg7 9. Bxb5 Nxd5 10. exd5 0-0 11. Bxd7 Bxd7 12. Bd4 Bxd4 13. Qxd4 Qa5+ 14. Kf2 Rfc8 15. c4 e5 16. dxe6 Bxe6 17. b3 d5 18. cxd5 Rc2+ 19. Ne2 Rd2 20. b4 Rxd4 21. bxa5 Rxd5 22. Nf4 Rd2+ 23. Ke3 Rad8 24. Nxe6 fxe6 25. Rhc1 R8d7 26. Rc7 Rxc7 27. Kxd2 Rc5 28. a4 Rxa5 29. Kc3 Kf7 30. Ra2 Ke7 31. Kb4 Rd5 32. a5 a6 33. f4 Kd6 34. g3 Rb5+ 35. Ka4 Rb1 36. Rc2 Ra1+ 37. Kb4 Rb1+ 38. Ka4 Ra1+ 39. Kb4 Rb1+ 40. Kc4 Rb5 41. Rd2+ Ke7 42. Ra2 Kf6 43. Ra3 h5 44. Kd4 Kf5 45. Ke3 e5 46. fxe5 Kxe5 47. h4 Rd5 48. Ra1 Kf5 49. Ra4 Re5+ 50. Kf3 Rb5 51. Ra3 Ke5 52. Kg2 Kd4 53. Rf3 Ke5 54. Ra3 Rc5 55. Ra1 Rc2+ 56. Kh3 Rc5 57. Re1+ Kf6 58. Ra1 Rf5 59. Ra2 Ke6 60. Ra3 Kd7 61. Rb3 Rb5 62. Rf3 Ke6 63. Re3+ Re5 64. Ra3 Rd5 65. Re3+ Re5 66. Ra3 Kf6 67. Ra1 Kg7 68. Ra3 Kh6 69. Ra1 g5 70. hxg5+ Kxg5 71. Kg2 Rb5 72. Ra4 Rb2+ 73. Kf3 Rb3+ 74. Kf2 Rb5 75. Kf3 Rf5+ 76. Kg2 Rc5 77. Kh3 Kf5 78. Kh4 Ke6 79. g4 hxg4 80. Kxg4 Kd6 81. Kf4 Kc6 82. Ke4 Rh5 83. Kd3 Kb5 84. Rg4 Rc5 85. Rg2 Kxa5 86. Rc2 Rh5 87. Kc3 Kb5 88. Kb2 a5 89. Rg2 Rh4 90. Ka2 Ra4+ 91. Kb2 Re4 92. Rg8 Re2+ 93. Ka3 Re3+ 94. Ka2 Kb4 95. Rg4+ Kc3 96. Rg5 Re2+ 97. Ka3 Re1 98. Rc5+ Kd4 99. Rxa5 Ra1+ 100. Kb4 Rb1+ 101. Ka3 Ra1+ 102. Kb4 Rb1+ 103. Ka3 Ra1+ 104. Kb4 Rxa5 105. Kxa5 1/2-1/2

[Event "NED-chT 0809"]
[Site "Netherlands"]
[Date "2008.12.13"]
[Round "4.1"]
[White "Caessens, Rob"]
[Black "Seirawan, Yasser"]
[Result "0-1"]
[WhiteElo "2207"]
[BlackElo "2634"]
[PlyCount "118"]
[EventDate "2008.09.27"]
[EventType "team-tourn"]
[EventRounds "9"]
[EventCountry "NED"]
[SourceTitle "EXT 2010"]
[Source "ChessBase"]
[SourceDate "2010.11.25"]
[SourceVersion "1"]
[SourceVersionDate "2010.11.25"]
[SourceQuality "1"]
[WhiteTeam "Voerendaal"]
[BlackTeam "Hilversum HSG"]
[WhiteTeamCountry "NED"]
[BlackTeamCountry "NED"]

1. d4 Nf6 2. Bg5 d5 3. e3 Bf5 4. Bd3 Bg6 5. Nf3 Nbd7 6. 0-0 e6 7. c4 c6 8. Nc3 Be7 9. Bxf6 gxf6 10. e4 dxe4 11. Nxe4 0-0 12. Qd2 f5 13. Nc3 Nf6 14. Rfe1 Qd6 15. Rad1 Rfd8 16. Be2 Bf8 17. Ne5 Nd7 18. Nf3 Bg7 19. Qc2 a6 20. d5 cxd5 21. cxd5 e5 22. Nh4 e4 23. Qd2 Ne5 24. f4 exf3 25. Bxf3 Rac8 26. Be2 Nc4 27. Bxc4 Rxc4 28. Nf3 b5 29. a3 b4 30. axb4 Rxb4 31. Qf2 Qb6 32. Qxb6 Rxb6 33. Re2 Bh5 34. Kf2 Bf8 35. d6 Rbxd6 36. Rxd6 Rxd6 37. Rd2 Kg7 38. Rxd6 Bxd6 39. h3 Kf6 40. Ke2 Be5 41. Na4 Bxf3+ 42. Kxf3 Bd4 43. Kf4 a5 44. g4 Be5+ 45. Kf3 Kg5 46. gxf5 Kxf5 47. Ke3 Kg5 48. Ke4 f6 49. b3 Kh4 50. Nb6 Kxh3 51. Kf3 Kh4 52. Nc4 Bc7 53. Ne3 Kg5 54. Nd5 Bd6 55. Nc3 Kf5 56. Ne4 Ke5 57. Nd2 Bb4 58. Nc4+ Kd4 59. Kf4 a4 0-1

[Event "NED-chT 0809"]
[Site "Netherlands"]
[Date "2008.11.22"]
[Round "3.10"]
[White "Caessens, Rob"]
[Black "Roobol, Martin"]
[Result "1/2-1/2"]
[WhiteElo "2207"]
[BlackElo "2330"]
[PlyCount "87"]
[EventDate "2008.09.27"]
[EventType "team-tourn"]
[EventRounds "9"]
[EventCountry "NED"]
[SourceTitle "EXT 2010"]
[Source "ChessBase"]
[SourceDate "2010.11.25"]
[SourceVersion "1"]
[SourceVersionDate "2010.11.25"]
[SourceQuality "1"]
[WhiteTeam "Voerendaal"]
[BlackTeam "Leiden LSG"]
[WhiteTeamCountry "NED"]
[BlackTeamCountry "NED"]

1. d4 g6 2. e4 Bg7 3. Nc3 d6 4. Be3 a6 5. a4 Nc6 6. d5 Nb8 7. Nf3 Bg4 8. Be2 Nf6 9. 0-0 0-0 10. h3 Bxf3 11. Bxf3 c5 12. e5 Ne8 13. exd6 exd6 14. Qd2 Nd7 15. Bh6 Bxh6 16. Qxh6 f5 17. Be2 Ne5 18. Rfe1 Ng7 19. Qd2 f4 20. Bf1 Qh4 21. Ne4 Nf7 22. Qc3 Ne8 23. a5 Rd8 24. Rad1 Rd7 25. Nd2 Ng7 26. Nf3 Qd8 27. Bd3 Re8 28. Rxe8+ Qxe8 29. Qc4 g5 30. Re1 Re7 31. Rxe7 Qxe7 32. Qe4 Qxe4 33. Bxe4 h6 34. Kf1 Kf8 35. Ke2 Ke7 36. c3 Kf6 37. Bc2 h5 38. Ba4 g4 39. hxg4 hxg4 40. Nd2 Ne5 41. Bc2 Ne8 42. b3 Nd7 43. Nc4 Kg5 44. b4 1/2-1/2

[Event "Maastricht Limburg op"]
[Site "Maastricht"]
[Date "2007.05.27"]
[Round "5"]
[White "Caessens, Rob"]
[Black "Roggeveen, Pieter"]
[Result "1/2-1/2"]
[WhiteElo "2221"]
[BlackElo "2073"]
[PlyCount "32"]
[EventDate "2007.05.25"]
[EventType "swiss"]
[EventRounds "7"]
[EventCountry "NED"]
[SourceTitle "CBM 118 Extra"]
[Source "ChessBase"]
[SourceDate "2007.07.04"]
[SourceVersion "1"]
[SourceVersionDate "2007.07.04"]
[SourceQuality "1"]

1. d4 e6 2. c4 d5 3. Nf3 c6 4. Qc2 Nf6 5. g3 dxc4 6. Qxc4 b5 7. Qc2 Bb7 8. Bg2 Nbd7 9. 0-0 c5 10. Nc3 a6 11. Bg5 Qb6 12. Bxf6 Nxf6 13. e3 cxd4 14. Nxd4 Bxg2 15. Kxg2 Rc8 16. Qb3 Bc5 1/2-1/2

[Event "Maastricht Limburg op"]
[Site "Maastricht"]
[Date "2007.05.26"]
[Round "2"]
[White "Kamps, JW."]
[Black "Caessens, Rob"]
[Result "0-1"]
[WhiteElo "2102"]
[BlackElo "2221"]
[PlyCount "100"]
[EventDate "2007.05.25"]
[EventType "swiss"]
[EventRounds "7"]
[EventCountry "NED"]
[SourceTitle "CBM 118 Extra"]
[Source "ChessBase"]
[SourceDate "2007.07.04"]
[SourceVersion "1"]
[SourceVersionDate "2007.07.04"]
[SourceQuality "1"]

1. e4 d6 2. d4 Nf6 3. Nc3 g6 4. Nf3 Bg7 5. Be3 a6 6. Qd2 b5 7. Bd3 Bb7 8. Bh6 0-0 9. Bxg7 Kxg7 10. e5 Ng8 11. 0-0-0 Nc6 12. Ne4 Qd7 13. h4 Nxd4 14. Nxd4 c5 15. e6 fxe6 16. Bxb5 Qc8 17. Bd7 Qxd7 18. Nxc5 Qc8 19. Ncxe6+ Kh8 20. Nxf8 Qxf8 21. h5 gxh5 22. Rxh5 Qf7 23. Ra5 Be4 24. f3 Bg6 25. g4 Rc8 26. c3 Rc5 27. Rxa6 Qd5 28. f4 Qb7 29. Ra3 Qe4 30. Nc2 Rd5 31. Qf2 Rxd1+ 32. Kxd1 Nf6 33. g5 Qh1+ 34. Ne1 Ng4 35. Qd4+ Kg8 36. Qc4+ Kg7 37. Qd4+ Kg8 38. Ra5 Bh5 39. Qd5+ Qxd5+ 40. Rxd5 Ne3+ 41. Kd2 Nxd5 42. Nd3 Bg6 43. c4 Bxd3 44. Kxd3 Nxf4+ 45. Ke4 Ne6 46. Kf5 Kf7 47. a4 Nd4+ 48. Ke4 Nb3 49. Kd5 Ke8 50. Kc6 e5 0-1

[Event "Nettetal"]
[Site "Nettetal"]
[Date "1991.03.03"]
[Round "11"]
[White "Caessens, Rob"]
[Black "Arkhipov, Sergey"]
[Result "0-1"]
[WhiteElo "2325"]
[BlackElo "2500"]
[PlyCount "64"]
[EventDate "1991.02.22"]
[EventType "tourn"]
[EventRounds "11"]
[EventCountry "GER"]
[EventCategory "4"]
[SourceTitle "CBM 021 Extra"]
[Source "ChessBase"]
[SourceDate "1991.05.01"]
[SourceVersion "1"]
[SourceVersionDate "1991.05.01"]
[SourceQuality "1"]

1. d4 Nf6 2. c4 e6 3. Nc3 Bb4 4. g3 c5 5. Nf3 Nc6 6. Bg2 Qb6 7. d5 Na5 8. 0-0 Bxc3 9. bxc3 Nxc4 10. e4 0-0 11. Re1 d6 12. Bg5 Qd8 13. Qd3 exd5 14. e5 dxe5 15. Nxe5 Nxe5 16. Rxe5 Be6 17. Rae1 h6 18. Bh4 Rc8 19. g4 d4 20. g5 Nh7 21. Be4 Nxg5 22. Bxg5 hxg5 23. Bh7+ Kh8 24. Rxe6 fxe6 25. Qh3 Rf4 26. Bg6+ Rh4 27. Qxe6 dxc3 28. Qf5 c2 29. Qxc2 Qd6 30. Re3 Qxh2+ 31. Kf1 Rf8 32. Qf5 Qf4 0-1

[Event "Nettetal"]
[Site "Nettetal"]
[Date "1991.03.02"]
[Round "9"]
[White "Caessens, Rob"]
[Black "Backwinkel, Paul"]
[Result "1/2-1/2"]
[WhiteElo "2325"]
[BlackElo "2355"]
[PlyCount "94"]
[EventDate "1991.02.22"]
[EventType "tourn"]
[EventRounds "11"]
[EventCountry "GER"]
[EventCategory "4"]
[SourceTitle "CBM 021 Extra"]
[Source "ChessBase"]
[SourceDate "1991.05.01"]
[SourceVersion "1"]
[SourceVersionDate "1991.05.01"]
[SourceQuality "1"]

1. d4 g6 2. c4 Bg7 3. Nc3 d6 4. e4 c6 5. Be3 e5 6. Nf3 exd4 7. Nxd4 Nf6 8. Be2 0-0 9. 0-0 Re8 10. f3 d5 11. cxd5 cxd5 12. Qb3 Nc6 13. Rad1 Na5 14. Qc2 Bd7 15. Nb3 Nxb3 16. Qxb3 Qe7 17. Nxd5 Nxd5 18. Qxd5 Be6 19. Qb5 a6 20. Qb6 Rac8 21. Rc1 Be5 22. f4 Bc7 23. Qd4 Bxa2 24. Bf3 Red8 25. Qa4 Be6 26. Rfd1 Rxd1+ 27. Rxd1 Bd6 28. e5 Bc5 29. Bxc5 Qxc5+ 30. Qd4 Qxd4+ 31. Rxd4 Rc1+ 32. Rd1 Rxd1+ 33. Bxd1 a5 34. Kf2 f6 35. Ke3 fxe5 36. fxe5 Kf7 37. Kd4 b6 38. Bf3 Ke7 39. Be4 Bd7 40. Bd5 g5 41. g3 h6 42. Kc4 Be8 43. Bg8 Ba4 44. Bd5 Kd7 45. Kd4 Kc7 46. Bf7 Bd1 47. Kc4 Ba4 1/2-1/2

[Event "Nettetal"]
[Site "Nettetal"]
[Date "1991.03.01"]
[Round "8"]
[White "Leko, Peter"]
[Black "Caessens, Rob"]
[Result "1/2-1/2"]
[WhiteElo "2255"]
[BlackElo "2325"]
[PlyCount "47"]
[EventDate "1991.02.22"]
[EventType "tourn"]
[EventRounds "11"]
[EventCountry "GER"]
[EventCategory "4"]
[SourceTitle "CBM 021 Extra"]
[Source "ChessBase"]
[SourceDate "1991.05.01"]
[SourceVersion "1"]
[SourceVersionDate "1991.05.01"]
[SourceQuality "1"]

1. e4 e5 2. Nf3 Nc6 3. d4 exd4 4. Nxd4 Bc5 5. Nb3 Bb6 6. Nc3 d6 7. Be2 h6 8. 0-0 Nf6 9. Kh1 0-0 10. f4 Re8 11. Bf3 Be6 12. Re1 Qd7 13. Be3 Bg4 14. Bxb6 Bxf3 15. Qxf3 axb6 16. a3 Qe6 17. Re2 Qc4 18. Qd3 Qxd3 19. cxd3 Na5 20. Nd4 Rad8 21. Kg1 Kf8 22. Kf2 Nc6 23. Nb3 Na5 24. Nd4 1/2-1/2

[Event "Dieren op"]
[Site "Dieren"]
[Date "1989.??.??"]
[Round "5"]
[White "Caessens, Rob"]
[Black "Etmans, Maarten D"]
[Result "1-0"]
[WhiteElo "2275"]
[BlackElo "2275"]
[PlyCount "123"]
[EventDate "1989.??.??"]
[EventType "swiss"]
[EventRounds "9"]
[EventCountry "NED"]
[SourceTitle "EXT 1997"]
[Source "ChessBase"]
[SourceDate "1996.11.15"]
[SourceVersion "1"]
[SourceVersionDate "1996.11.15"]
[SourceQuality "1"]

1. d4 e6 2. Nf3 b5 3. Bf4 Bb7 4. e3 a6 5. Bd3 f5 6. 0-0 Nf6 7. Nbd2 Be7 8. c4 bxc4 9. Bxc4 0-0 10. Rc1 Bd5 11. Bxc7 Qe8 12. Be5 Bxc4 13. Nxc4 Nd5 14. Bd6 Bxd6 15. Nxd6 Qe7 16. Nc4 Nc6 17. Qd2 Nd8 18. Nfe5 Nf7 19. Nxf7 Rxf7 20. f3 Raf8 21. Qa5 f4 22. e4 Ne3 23. Nxe3 fxe3 24. Rce1 d5 25. Rxe3 Qg5 26. Qe1 Rb7 27. b3 Rc7 28. Qf2 Rfc8 29. Rfe1 Qf6 30. exd5 exd5 31. Re6 Qf7 32. Qe2 Rc1 33. Rxc1 Rxc1+ 34. Kf2 Rc2 35. Qxc2 Qxe6 36. Qe2 Qc6 37. g3 h6 38. Qd2 Qg6 39. h4 Qb1 40. Kg2 Qa1 41. g4 Kf7 42. Qf4+ Kg8 43. Qd2 Kf7 44. a4 Kg8 45. h5 Kf7 46. Qf4+ Kg8 47. Qd2 Kf7 48. Qd3 Kg8 49. Qe3 Kf7 50. Kg3 Kf8 51. Kf4 Qa3 52. Qc3 Qd6+ 53. Ke3 Qe6+ 54. Kd2 Kg8 55. Qc7 Kh7 56. Qc2+ Kg8 57. Qf5 Qc6 58. f4 Qd6 59. Qe5 Qd7 60. g5 hxg5 61. fxg5 Kh7 62. Qe3 1-0

[Event "Dieren op"]
[Site "Dieren"]
[Date "1989.??.??"]
[Round "3"]
[White "Caessens, Rob"]
[Black "Voormans, Jan"]
[Result "1-0"]
[WhiteElo "2275"]
[BlackElo "2235"]
[PlyCount "67"]
[EventDate "1989.??.??"]
[EventType "swiss"]
[EventRounds "9"]
[EventCountry "NED"]
[SourceTitle "EXT 1997"]
[Source "ChessBase"]
[SourceDate "1996.11.15"]
[SourceVersion "1"]
[SourceVersionDate "1996.11.15"]
[SourceQuality "1"]

1. d4 d5 2. c4 c6 3. cxd5 cxd5 4. Nf3 Nf6 5. Nc3 Nc6 6. Bf4 Bf5 7. e3 e6 8. Ne5 Nd7 9. Nxc6 bxc6 10. Be2 Be7 11. 0-0 0-0 12. Rc1 c5 13. Nb5 a6 14. Nd6 Bg6 15. dxc5 Nxc5 16. Rxc5 Bxd6 17. Bxd6 Qxd6 18. Qd4 Rfd8 19. Bf3 Rac8 20. b4 Rxc5 21. bxc5 Qc6 22. h4 Rc8 23. Rc1 f6 24. h5 Bf7 25. e4 e5 26. exd5 exd4 27. dxc6 Be8 28. Kf1 Bf7 29. a3 Bb3 30. Ke2 Ba4 31. Kd3 Rd8 32. Rb1 Bb5+ 33. Rxb5 axb5 34. Bg4 1-0

[Event "Groningen Casino op"]
[Site "Groningen"]
[Date "1988.12.29"]
[Round "8"]
[White "Caessens, Rob"]
[Black "Fette, Martin"]
[Result "1/2-1/2"]
[WhiteElo "2225"]
[BlackElo "2330"]
[PlyCount "78"]
[EventDate "1988.12.21"]
[EventType "swiss"]
[EventRounds "9"]
[EventCountry "NED"]
[SourceTitle "EXT 1997"]
[Source "ChessBase"]
[SourceDate "1996.11.15"]
[SourceVersion "1"]
[SourceVersionDate "1996.11.15"]
[SourceQuality "1"]

1. d4 Nf6 2. c4 g6 3. Nc3 d5 4. cxd5 Nxd5 5. e4 Nxc3 6. bxc3 Bg7 7. Nf3 c5 8. Be3 Qa5 9. Qd2 Nc6 10. Rc1 cxd4 11. cxd4 Qxd2+ 12. Kxd2 0-0 13. d5 Rd8 14. Ke1 Na5 15. Bg5 Bd7 16. Bd3 Rdc8 17. Ke2 e6 18. Rxc8+ Rxc8 19. Rc1 Rxc1 20. Bxc1 exd5 21. exd5 b5 22. Bf4 Kf8 23. Bd6+ Ke8 24. Ne5 Nb7 25. Bb8 a6 26. Nxd7 Kxd7 27. f4 Bf8 28. Be5 Nc5 29. Bc2 Be7 30. Ke3 f6 31. Bc3 Kd6 32. f5 g5 33. Kd4 Bd8 34. Be1 Bb6 35. Bg3+ Kd7 36. h3 Ne6+ 37. Ke4 Nc5+ 38. Kd4 Ne6+ 39. Ke4 Nc5+ 1/2-1/2

[Event "Groningen Casino op"]
[Site "Groningen"]
[Date "1988.12.24"]
[Round "4"]
[White "Caessens, Rob"]
[Black "Crawley, Gavin"]
[Result "1/2-1/2"]
[WhiteElo "2225"]
[BlackElo "2380"]
[PlyCount "92"]
[EventDate "1988.12.21"]
[EventType "swiss"]
[EventRounds "9"]
[EventCountry "NED"]
[SourceTitle "EXT 1997"]
[Source "ChessBase"]
[SourceDate "1996.11.15"]
[SourceVersion "1"]
[SourceVersionDate "1996.11.15"]
[SourceQuality "1"]

1. d4 Nf6 2. c4 e6 3. Nc3 d5 4. Nf3 c5 5. cxd5 exd5 6. g3 Nc6 7. Bg2 Be7 8. 0-0 0-0 9. Bg5 Be6 10. dxc5 Bxc5 11. e3 Be7 12. Nd4 h6 13. Bxf6 Bxf6 14. Nxe6 fxe6 15. Ne2 g5 16. e4 dxe4 17. Bxe4 Qxd1 18. Raxd1 Rad8 19. b3 Kf7 20. Kg2 Ke7 21. h3 Be5 22. Ng1 Rc8 23. Nf3 Bc3 24. Rd3 Bf6 25. Re3 Rfd8 26. Rfe1 Rd6 27. R3e2 b5 28. Rc2 b4 29. Rc4 Bc3 30. Re2 Kd7 31. Bxc6+ Rcxc6 32. Rce4 a5 33. h4 Rc5 34. hxg5 hxg5 35. Rg4 Bf6 36. Rge4 Ke7 37. Ne5 Bxe5 38. Rxe5 Rcd5 39. R5e4 Kf6 40. R4e3 Rc5 41. Rf3+ Rf5 42. Rfe3 Rc6 43. Re4 Ra6 44. R4e3 Rd5 45. Rf3+ Ke7 46. Rfe3 Kf6 1/2-1/2

[Event "Dieren op"]
[Site "Dieren"]
[Date "1988.??.??"]
[Round "3"]
[White "Caessens, Rob"]
[Black "Karolyi, Tibor Jr"]
[Result "1/2-1/2"]
[WhiteElo "2225"]
[BlackElo "2450"]
[PlyCount "59"]
[EventDate "1988.??.??"]
[EventType "swiss"]
[EventRounds "9"]
[EventCountry "NED"]
[SourceTitle "TD"]
[Source "ChessBase"]
[SourceDate "1994.03.01"]
[SourceVersion "1"]
[SourceVersionDate "1994.03.01"]
[SourceQuality "1"]

1. d4 d5 2. Nf3 Nf6 3. Bf4 c6 4. e3 Qb6 5. Qc1 Bf5 6. Nbd2 Nh5 7. Bxb8 Rxb8 8. Be2 Nf6 9. 0-0 g6 10. Ne5 Bg7 11. a4 0-0 12. Bd3 c5 13. Bxf5 gxf5 14. c3 Rbc8 15. Qb1 e6 16. f4 Qd6 17. Qd1 cxd4 18. cxd4 Ne4 19. Rf3 f6 20. Nd3 Rf7 21. Qe2 Bf8 22. Nf1 Qd7 23. Ng3 Rc7 24. Rff1 Rc6 25. Kh1 Bd6 26. Kg1 a6 27. Qd1 Qc8 28. Qe2 Qb8 29. Qd1 Rcc7 30. Qe2 1/2-1/2

[Event "Dieren op"]
[Site "Dieren"]
[Date "1988.??.??"]
[Round "8"]
[White "Grooten, Herman"]
[Black "Caessens, Rob"]
[Result "1/2-1/2"]
[WhiteElo "2325"]
[BlackElo "2225"]
[PlyCount "68"]
[EventDate "1988.??.??"]
[EventType "swiss"]
[EventRounds "9"]
[EventCountry "NED"]
[SourceTitle "TD"]
[Source "ChessBase"]
[SourceDate "1994.03.01"]
[SourceVersion "1"]
[SourceVersionDate "1994.03.01"]
[SourceQuality "1"]

1. d4 Nf6 2. Nf3 g6 3. c4 Bg7 4. Nc3 0-0 5. e4 d6 6. Be2 e5 7. Be3 exd4 8. Nxd4 Re8 9. f3 c6 10. Bf2 d5 11. exd5 cxd5 12. c5 Nc6 13. 0-0 Nh5 14. Qd2 a6 15. Rfe1 Be6 16. Rad1 Qc7 17. Bf1 Rac8 18. Nxc6 Qxc6 19. Nxd5 Bf8 20. Nb6 Rcd8 21. Qxd8 Rxd8 22. Rxd8 Qc7 23. Ra8 Kg7 24. Bd4+ Nf6 25. b4 Be7 26. g3 Kh6 27. Rxe6 Bxc5 28. Bxc5 fxe6 29. f4 Qc6 30. Bf8+ Kh5 31. Be2+ Ng4 32. h3 Qc1+ 33. Kg2 Qc6+ 34. Kg1 Qc1+ 1/2-1/2